| 000 | 00873nam a22002417a 4500 | ||
|---|---|---|---|
| 999 |
_c3914 _d3914 |
||
| 003 | AR-CdUCM | ||
| 008 | 190307b ||||| |||| 00| 0 spa d | ||
| 040 |
_aMUNICIPALIDAD PROVINCIAL DEL CUSCO _cBIBLIOTECA MUNICIPAL DEL CUSCO |
||
| 041 | _hrus | ||
| 082 |
_a928.47 / _bN39 |
||
| 100 |
_aNemirovich, V. I. _912537 |
||
| 245 | _aMi experiencia teatral / | ||
| 260 |
_aBuenos Aires : _bFuturo : _c1959. |
||
| 300 |
_a221 paginas ; _c20 cm. |
||
| 505 | _aEl teatro popular de Moscú -- Las primeras presentaciones de las piezas -- El jardín de los cerezos en el teatro de arte de Moscú -- Algunas cartas de VI. I. Nemiróvich-Dánchenko ... | ||
| 650 |
_aBiografías _9148 |
||
| 650 |
_aDramaturgos _95743 |
||
| 650 |
_aURRS Nemirovich, Danchenko _912538 |
||
| 650 |
_aTeatral-Literario _912539 |
||
| 700 |
_aCaplán, N. _912540 |
||
| 942 |
_2ddc _cLIBROS |
||
| 945 | _aacv | ||